DIGITAL MULTIMEDIA (Record no. 1286)
[ view plain ]
| 000 -LEADER | |
|---|---|
| fixed length control field | 00308nam a2200133Ia 4500 |
| 008 - FIXED-LENGTH DATA ELEMENTS--GENERAL INFORMATION | |
| fixed length control field | 240624s9999 xx 000 0 und d |
| 041 ## - LANGUAGE CODE | |
| Language code of text/sound track or separate title | eng |
| 082 ## - DEWEY DECIMAL CLASSIFICATION NUMBER | |
| Classification number | 006.7 CHA |
| 100 ## - MAIN ENTRY--PERSONAL NAME | |
| Personal name | CHAPMAN NIGEL |
| 245 ## - TITLE STATEMENT | |
| Title | DIGITAL MULTIMEDIA |
| 260 ## - PUBLICATION, DISTRIBUTION, ETC. | |
| Date of publication, distribution, etc. | 2000 |
| Place of publication, distribution, etc. | Chichester |
| Name of publisher, distributor, etc. | John Wiley |
| 300 ## - PHYSICAL DESCRIPTION | |
| Extent | xiv, : 568 |
| 365 ## - TRADE PRICE | |
| Currency code | RS |
| Withdrawn status | Lost status | Damaged status | Not for loan | Home library | Current library | Shelving location | Date acquired | Source of acquisition | Cost, normal purchase price | Full call number | Barcode | Date last seen | Copy number | Price effective from | Koha item type |
|---|---|---|---|---|---|---|---|---|---|---|---|---|---|---|---|
| IMTN | IMTN | Rack 3-B | 11/23/2004 | JBD | 337.00 | 006.7 CHA | 1286 | 06/24/2024 | 1 | 06/24/2024 | Books |